000 00726nam a2200205Ia 4500
003 GCL
008 140319s9999 xx 000 0 ara d
020 _a0136201977
040 _aGCL /
_cGCL
082 0 4 _a813.01
_bن ل
100 1 _aنعيم عطية
245 1 0 _aلحظة لقاء :
_bمجموعة قصصية ( هدية من الاديب عبد الفتاح الجمل ) /
_cنعيم عطية
260 _aالقاهرة :
_bالهيئة المصرية العامة للكتاب ،
_c1976
300 _a206 ص ؛
_c18 سم
490 _aقصص مختارة
_v0
650 0 4 _aالادب العربى
650 0 4 _aالقصص العربية
650 0 4 _aالادب العربى - مجموعات
942 _2ddc
_cBK
999 _c40468
_d40468